[Event "25e tournoi 1hKO"]
[Site "Montigny le Bretonneux"]
[Date "2023.05.18"]
[Round "1.1"]
[White "Suffert, Martin"]
[Black "Lamorelle, Julien"]
[Result "0-1"]
[WhiteElo "1368"]
[BlackElo "2396"]
[Annotator "Rivier,Sylvain"]
[PlyCount "61"]
[EventDate "2023.??.??"]

{Partie du pion dame} 1. d4 d5 2. Nf3 Nf6 3. Bf4 c5 4. e3 Nc6 5. Nbd2 Bf5 6. c3
e6 7. Be2 Be7 8. h3 O-O 9. O-O Nd7 10. Bg3 a6 11. Ne5 Ncxe5 12. dxe5 b5 13. Nf3
Qb6 14. Bd3 Bxd3 15. Qxd3 c4 16. Qc2 b4 17. Nd4 Rab8 18. Rab1 Nc5 19. cxb4 Ne4
20. a3 Nxg3 21. fxg3 f6 22. exf6 Bxf6 23. Qd2 e5 24. Nf3 Rfd8 25. Rfe1 Rbc8 26.
Kh1 Qc7 27. g4 h6 28. h4 e4 29. g5 c3 30. Qf2 c2 31. Rbc1 {suite illisible} 0-1

[Event "25e tournoi 1hKO"]
[Site "Montigny le Bretonneux"]
[Date "2023.05.18"]
[Round "1.2"]
[White "Fruchard, Cyrille"]
[Black "Bouloc, Roger"]
[Result "1-0"]
[WhiteElo "2330"]
[BlackElo "1357"]
[Annotator "Rivier,Sylvain"]
[PlyCount "65"]
[EventDate "2023.??.??"]

{Partie du pion dame} 1. d4 d5 2. Nf3 Nc6 3. Bf4 e6 4. e3 Bd6 5. Nbd2 Nge7 6.
c3 a6 7. Bd3 Bxf4 8. exf4 h6 9. O-O O-O 10. Re1 Qd6 11. g3 Bd7 12. Nf1 Ng6 13.
h4 Nxf4 14. gxf4 Qxf4 15. N1h2 Rae8 16. Bc2 e5 17. dxe5 Nxe5 18. Nxe5 Rxe5 19.
Qd4 Rxe1+ 20. Rxe1 Qxd4 21. cxd4 Kh8 22. Re7 Bc6 23. Nf3 f6 24. h5 Be8 25. Bg6
Bb5 26. Nh4 b6 27. Rxc7 Be2 28. f3 a5 29. Kf2 Bb5 30. Ke3 Rb8 31. Nf5 Kg8 32.
Rxg7+ Kf8 33. Rf7+ 1-0

[Event "25e tournoi 1hKO"]
[Site "Montigny le Bretonneux"]
[Date "2023.05.18"]
[Round "1.3"]
[White "Moulun, Raphael"]
[Black "Lim, Chin"]
[Result "0-1"]
[WhiteElo "1355"]
[BlackElo "1903"]
[Annotator "Rivier,Sylvain"]
[PlyCount "50"]
[EventDate "2023.??.??"]

{Ouverture anglaise, dÃ©fense anglo-indienne} 1. f4 Nf6 2. c4 c6 3. Nf3 d5 4.
e3 Bg4 5. Nc3 e6 6. cxd5 exd5 7. d3 Nbd7 8. h3 Bxf3 9. Qxf3 Bb4 10. Bd2 O-O 11.
Be2 d4 12. exd4 Nb6 13. a3 Bd6 14. Ne4 Be7 15. Be3 Nbd5 16. Nxf6+ Bxf6 17. Bf2
Qa5+ 18. Kf1 Rfe8 19. g3 Qd2 20. Re1 Re7 21. Bd1 Rxe1+ 22. Bxe1 Ne3+ 23. Kg1
Qxe1+ 24. Kh2 Qd2+ 25. Be2 Re8 0-1

[Event "25e tournoi 1hKO"]
[Site "Montigny le Bretonneux"]
[Date "2023.05.18"]
[Round "1.4"]
[White "Forissier, Nicolas"]
[Black "Abdallaoui, Mohamed Mehdi"]
[Result "1-0"]
[WhiteElo "1887"]
[BlackElo "1352"]
[Annotator "Rivier,Sylvain"]
[PlyCount "58"]
[EventDate "2023.??.??"]

{Gambit dame, dÃ©fense slave} 1. d4 d5 2. c4 c6 3. Nc3 Nf6 4. e3 Bf5 5. Qb3 Qb6
6. Qxb6 axb6 7. cxd5 cxd5 8. Nf3 Nc6 9. Bb5 Bd7 10. O-O e6 11. Bd2 Na7 12. Bd3
Be7 13. Ne5 O-O 14. e4 Bc6 15. exd5 Nxd5 16. Nxd5 exd5 17. Rfe1 Rfe8 18. a3 Nb5
19. Be2 Nd6 20. Rac1 Rac8 21. h3 f6 22. Nxc6 bxc6 23. Ba6 Ra8 24. Bd3 Rac8 25.
Bf4 Kf7 26. Re3 g6 27. Ba6 Ra8 28. Bxd6 Rxa6 29. Rxc6 Ra7 1-0

[Event "25e tournoi 1hKO"]
[Site "Montigny le Bretonneux"]
[Date "2023.05.18"]
[Round "1.5"]
[White "Couradin, Bruno"]
[Black "Divies, Renaud"]
[Result "0-1"]
[WhiteElo "1343"]
[BlackElo "1855"]
[Annotator "Rivier,Sylvain"]
[PlyCount "90"]
[EventDate "2023.??.??"]

{Défense sicilienne, fianchetto accéléré moderne} 1. d4 c5 2. Nf3 cxd4 3. Nxd4
Nc6 4. Nc3 g6 5. e4 Bg7 6. Be3 Nf6 7. Bc4 a6 8. Bb3 O-O 9. O-O Na5 10. Qd2 Ng4
11. f3 Nxe3 12. Qxe3 b5 13. a3 Qb6 14. Nce2 Rb8 15. Qd2 e5 16. Kh1 exd4 17.
Rfd1 Nc4 18. Bxc4 bxc4 19. Nxd4 Qxb2 20. c3 Qxd2 21. Rxd2 a5 22. h3 Rb6 23.
Rad1 Bb7 24. Kh2 d5 25. exd5 Bxd5 26. Ne2 Be6 27. Nf4 Be5 28. g3 Bxf4 29. gxf4
Rb3 30. a4 Rxc3 31. Rf2 Ra3 32. Rc1 c3 33. Rfc2 Rc8 34. Kg2 Bf5 35. Re2 c2 36.
Kg3 Rxa4 37. Re5 Ra2 38. h4 h5 39. Rb5 Rd8 40. Rc5 Rd1 41. R1xc2 Bxc2 42. Rc8+
Kg7 43. Ra8 Bd3 44. Rd8 Rg1+ 45. Kh3 Bf1# 0-1

[Event "25e tournoi 1hKO"]
[Site "Montigny le Bretonneux"]
[Date "2023.05.18"]
[Round "1.6"]
[White "Plantet, Marc"]
[Black "Nosperger, Mael"]
[Result "1-0"]
[WhiteElo "1821"]
[BlackElo "1334"]
[Annotator "Rivier,Sylvain"]
[PlyCount "47"]
[EventDate "2023.??.??"]

{DÃ©fense sicilienne, variante Alapine} 1. e4 c5 2. c3 Nf6 3. d3 d5 4. e5 Nfd7
5. Nf3 Nc6 6. d4 e6 7. Bd3 cxd4 8. cxd4 Qb6 9. Bc2 Bb4+ 10. Nc3 O-O 11. Bxh7+
Kxh7 12. Ng5+ Kg6 13. h4 Ndxe5 14. dxe5 Nxe5 15. Be3 Qa6 16. h5+ Kf6 17. Qd4
Bd6 18. f4 Ke7 19. fxe5 Bc7 20. Qc5+ Ke8 21. Qxc7 Qd3 22. Bc5 Qg3+ 23. Kf1 Qxg5
24. Nb5 1-0

[Event "25e tournoi 1hKO"]
[Site "Montigny le Bretonneux"]
[Date "2023.05.18"]
[Round "1.7"]
[White "Foare, Etienne"]
[Black "Claisse, Patrick"]
[Result "0-1"]
[WhiteElo "1318"]
[BlackElo "1702"]
[Annotator "Rivier,Sylvain"]
[PlyCount "50"]
[EventDate "2023.??.??"]

{DÃ©fense sicilienne, variante Alapine} 1. e4 c5 2. c3 d5 3. exd5 Qxd5 4. d4
Nc6 5. Nf3 Bg4 6. Be2 cxd4 7. cxd4 e6 8. Nc3 Qd8 9. O-O Nf6 10. Be3 Rc8 11. Ne5
Bxe2 12. Nxe2 Nd5 13. Nxc6 Rxc6 14. Qa4 a6 15. Rac1 b5 16. Qb3 Qc7 17. Rxc6
Qxc6 18. Rc1 Qd7 19. Nc3 Be7 20. Ne4 O-O 21. Nc5 Qa7 22. a3 Rc8 23. Qd3 Rc7 24.
b4 Rc6 25. Kf1 Qc7 {suite non notÃ©e} 0-1

[Event "25e tournoi 1hKO"]
[Site "Montigny le Bretonneux"]
[Date "2023.05.18"]
[Round "1.8"]
[White "Ferreira, Carlos"]
[Black "Lamorelle, Alexey"]
[Result "1/2-1/2"]
[WhiteElo "1675"]
[BlackElo "1293"]
[Annotator "Rivier,Sylvain"]
[PlyCount "70"]
[EventDate "2023.??.??"]

{Défense des deux cavaliers} 1. e4 e5 2. Nf3 Nc6 3. d4 exd4 4. Bc4 Nf6 5. e5 d5
6. Bb5 Ne4 7. Nxd4 Bc5 8. O-O O-O 9. Nxc6 bxc6 10. Bxc6 Ba6 11. Bxa8 Bxf1 12.
Kxf1 Qxa8 13. f3 Nf2 14. Qe2 Re8 15. Nc3 Re6 16. Bd2 f6 17. Bf4 fxe5 18. Bg3
Nh1 19. Qb5 Nxg3+ 20. hxg3 Rh6 21. Re1 Rh1+ 22. Ke2 Rxe1+ 23. Kxe1 Bd4 24. Nxd5
c6 25. Ne7+ Kf7 26. Nxc6 Bxb2 27. Nxe5+ Bxe5 28. Qxe5 Qc6 29. Qf4+ Kg8 30. Qb8+
Kf7 31. Qxa7+ Kg6 32. Qe3 Kf7 33. Qe4 Qc3+ 34. Ke2 h6 35. g4 Qb2 {suite non
notée} 1/2-1/2

[Event "25e tournoi 1hKO"]
[Site "Montigny le Bretonneux"]
[Date "2023.05.18"]
[Round "1.9"]
[White "Tanchoux, Pierre"]
[Black "Goujon, Antoine"]
[Result "0-1"]
[WhiteElo "1236"]
[BlackElo "1638"]
[Annotator "Rivier,Sylvain"]
[PlyCount "138"]
[EventDate "2023.??.??"]

{Partie du pion dame} 1. d4 Nf6 2. Nf3 e6 3. e3 b6 4. Bd3 Bb7 5. Nbd2 d5 6. O-O
Be7 7. c3 O-O 8. Re1 Nbd7 9. e4 dxe4 10. Nxe4 Nxe4 11. Bxe4 Bxe4 12. Rxe4 Nf6
13. Re2 c5 14. Bg5 cxd4 15. Rd2 Qc7 16. Bxf6 Bxf6 17. Nxd4 a6 18. Qe2 b5 19. a3
Rac8 20. Rad1 Bg5 21. Rd3 g6 22. Nf3 Bf6 23. Rd7 Qc4 24. Qxc4 Rxc4 25. h3 Rfc8
26. Ra7 R4c6 27. Rdd7 Rf8 28. Nd4 Bxd4 29. Rxd4 e5 30. Rd2 Re8 31. Rdd7 Rf6 32.
Re7 Kf8 33. Red7 Ree6 34. Rac7 Rd6 35. Rc8+ Kg7 36. Rdd8 Rxd8 37. Rxd8 Re6 38.
Rd2 Kf6 39. f3 Ke7 40. Re2 f6 41. Kf2 Rd6 42. Ke1 Ke6 43. f4 Rd5 44. fxe5 Rxe5
45. Kf2 Rxe2+ 46. Kxe2 Kd5 47. b3 Ke4 48. g3 f5 49. h4 h6 50. a4 bxa4 51. bxa4
a5 52. Kd2 g5 53. h5 f4 54. gxf4 gxf4 55. Ke2 f3+ 56. Kf2 Kd3 57. Kxf3 Kxc3 58.
Kf4 Kb4 59. Kf5 Kxa4 60. Kg6 Kb3 61. Kxh6 a4 62. Kg6 a3 63. h6 a2 64. h7 a1=Q
65. Kf7 Qh8 66. Kg6 Kc4 67. Kh6 Kd5 68. Kg6 Ke6 69. Kh6 Kf5 0-1

[Event "25e tournoi 1hKO"]
[Site "Montigny le Bretonneux"]
[Date "2023.05.18"]
[Round "1.10"]
[White "Chevallier, Stephane"]
[Black "Bozier, Teodor"]
[Result "1-0"]
[WhiteElo "1617"]
[BlackElo "1213"]
[Annotator "Rivier,Sylvain"]
[PlyCount "101"]
[EventDate "2023.??.??"]

{Ouverture anglaise, variante des quatre cavaliers, structure du dragon} 1. c4
e5 2. Nc3 Nf6 3. g3 Bc5 4. Bg2 Nc6 5. d3 h6 6. Nf3 d6 7. e4 O-O 8. O-O Bg4 9.
h3 Bh5 10. Ne2 Re8 11. a3 Qd7 12. Kh2 a5 13. Bd2 b6 14. Rb1 Bd4 15. Nfxd4 Nxd4
16. f3 Ne6 17. g4 Bg6 18. f4 exf4 19. Nxf4 Nxf4 20. Bxf4 Rac8 21. Qd2 Qe6 22.
b4 axb4 23. axb4 c5 24. b5 Rc7 25. Rfe1 Nd7 26. Kg3 Ra7 27. Ra1 Rea8 28. Rxa7
Rxa7 29. Qb2 Ne5 30. Rd1 h5 31. g5 Ng4 32. Ra1 Rxa1 33. Qxa1 Ne5 34. Bf1 h4+
35. Kxh4 Nf3+ 36. Kg3 Bh5 37. Qa8+ Kh7 38. Qc6 Ng1 39. Qxd6 Be2 40. Qxe6 fxe6
41. Bxe2 Nxe2+ 42. Kf3 Nd4+ 43. Ke3 Nc2+ 44. Kd2 Nd4 45. Bc7 Nf3+ 46. Kc3 Nxg5
47. Bxb6 Nxh3 48. Bxc5 Nf4 49. b6 g5 50. b7 g4 51. b8=Q 1-0

[Event "25e tournoi 1hKO"]
[Site "Montigny le Bretonneux"]
[Date "2023.05.18"]
[Round "1.11"]
[White "Baysse, Nathan"]
[Black "Piquard, Yaroslav"]
[Result "0-1"]
[WhiteElo "1199"]
[BlackElo "1616"]
[Annotator "Rivier,Sylvain"]
[PlyCount "88"]
[EventDate "2023.??.??"]

{Défense Caro-Kann, variante d'échange} 1. e4 c6 2. Nc3 d5 3. exd5 cxd5 4. d4
Nf6 5. Nf3 Bg4 6. h3 Bh5 7. Be2 Nbd7 8. Bf4 a6 9. Qd2 e6 10. a3 Be7 11. g4 Bg6
12. Bd3 b5 13. Bxg6 hxg6 14. O-O-O b4 15. axb4 Bxb4 16. Qd3 Qa5 17. Nb1 Ne4 18.
Rh2 Rc8 19. Qb3 Nb6 20. Bd2 Nxd2 21. Nfxd2 Nc4 22. Nxc4 dxc4 23. Qe3 c3 24.
Rdh1 O-O 25. b3 Qa1 26. Qd3 Qb2+ 27. Kd1 Qxb1+ 28. Ke2 Qa2 29. Rd1 e5 30. Rhh1
e4 31. Qe3 Qxc2+ 32. Kf1 Qxd1+ 33. Kg2 Qf3+ 34. Qxf3 exf3+ 35. Kxf3 c2 36. Rc1
Bd2 37. Ra1 c1=Q 38. Rxc1 Rxc1 39. Ke4 Rc3 40. b4 f5+ 41. gxf5 gxf5+ 42. Ke5 g6
43. h4 Rd8 44. Kf6 Rc6+ 0-1

[Event "25e tournoi 1hKO"]
[Site "Montigny le Bretonneux"]
[Date "2023.05.18"]
[Round "1.12"]
[White "Fayolle, Guy"]
[Black "Druet, Arnaud"]
[Result "0-1"]
[WhiteElo "1615"]
[BlackElo "1199"]
[Annotator "Rivier,Sylvain"]
[PlyCount "76"]
[EventDate "2023.??.??"]

{Défense Caro-Kann, variante d'avance} 1. e4 c6 2. d4 d5 3. e5 Bf5 4. Nf3 e6 5.
Bd3 Bxd3 6. Qxd3 Nd7 7. Be3 c5 8. Qb5 Qc7 9. c3 a6 10. Qe2 cxd4 11. cxd4 Bb4+
12. Nbd2 Ne7 13. O-O O-O 14. Nh4 Nf5 15. Nxf5 exf5 16. Qf3 Bxd2 17. Bxd2 Qc2
18. Bb4 Rfe8 19. Qxd5 Nf8 20. Rac1 Qxb2 21. Rc7 Ne6 22. Rxb7 Qxd4 23. Qxd4 Nxd4
24. f4 Rec8 25. h3 Rab8 26. Rxb8 Rxb8 27. Bd6 Rb2 28. Rf2 Rb1+ 29. Kh2 Nb5 30.
Rd2 h5 31. Kg3 Nc3 32. Rc2 Ne4+ 33. Kf3 Rf1+ 34. Ke3 Re1+ 35. Re2 Rxe2+ 36.
Kxe2 Nc3+ 37. Kd2 Nxa2 38. Kc2 a5 {suite illisible} 0-1

[Event "25e tournoi 1hKO"]
[Site "Montigny le Bretonneux"]
[Date "2023.05.18"]
[Round "1.13"]
[White "El Yaalaoui, Adam"]
[Black "Zheng, Linyi"]
[Result "0-1"]
[WhiteElo "1199"]
[BlackElo "1561"]
[Annotator "Rivier,Sylvain"]
[PlyCount "60"]
[EventDate "2023.??.??"]

{DÃ©fense scandinave} 1. e4 d5 2. exd5 Nf6 3. Nf3 Nxd5 4. d4 c6 5. c4 Nf6 6.
Nc3 Bg4 7. Be2 Nbd7 8. O-O e6 9. Bg5 Qb6 10. b3 Qa5 11. Qd3 Bxf3 12. Bxf6 Bxe2
13. Nxe2 Nxf6 14. Rfe1 Rd8 15. Nc3 Bd6 16. g3 h5 17. d5 cxd5 18. cxd5 Nxd5 19.
Nxd5 Bb4 20. Re5 Rxd5 21. Rxd5 Qxd5 22. Qc2 O-O 23. Rd1 Qc6 24. Qd3 Rc8 25. Qd4
Qc2 26. Kg2 Bc5 27. Qd7 Qxf2+ 28. Kh3 Rf8 29. Qxb7 Qf5+ 30. Kg2 Qc2+ 0-1

[Event "25e tournoi 1hKO"]
[Site "Montigny le Bretonneux"]
[Date "2023.05.18"]
[Round "1.15"]
[White "Genovart, Lucas"]
[Black "Branson, James"]
[Result "0-1"]
[WhiteElo "1199"]
[BlackElo "1537"]
[Annotator "Rivier,Sylvain"]
[PlyCount "42"]
[EventDate "2023.??.??"]

{DÃ©but Larsen} 1. b3 Nc6 2. Bb2 e5 3. e3 d5 4. Bb5 Bd6 5. Nf3 Qf6 6. O-O Nge7
7. h3 a6 8. Bxc6+ bxc6 9. d3 h5 10. Nbd2 g5 11. Nh2 Ng6 12. g3 Bxh3 13. Re1 Nh4
14. Ndf3 Bg4 15. gxh4 gxh4 16. Nxg4 hxg4 17. Nh2 g3 18. fxg3 hxg3 19. Nf3 Qh6
20. Kf1 Qh1+ 21. Ke2 Qg2# 0-1

[Event "25e tournoi 1hKO"]
[Site "Montigny le Bretonneux"]
[Date "2023.05.18"]
[Round "1.16"]
[White "Kissian, Pascal"]
[Black "Nguyen, Alexandre"]
[Result "1-0"]
[WhiteElo "1523"]
[BlackElo "1199"]
[Annotator "Rivier,Sylvain"]
[PlyCount "44"]
[EventDate "2023.??.??"]

1. d4 Nf6 2. Bg5 d5 3. Nf3 g6 4. e3 Bg7 5. Nbd2 O-O 6. c4 c6 7. cxd5 cxd5 8.
Bd3 Nc6 9. a3 Bd7 10. O-O Rc8 11. Qb3 e6 12. Ne5 h6 13. Bh4 g5 14. Bg3 b6 15.
Nxd7 Qxd7 16. Nf3 Na5 17. Qa2 Nc4 18. b3 Na5 19. Rac1 Qe7 20. b4 Nb7 21. Ba6
Rxc1 22. Rxc1 Nd6 {suite illisible} 1-0

[Event "25e tournoi 1hKO"]
[Site "Montigny le Bretonneux"]
[Date "2023.05.18"]
[Round "1.17"]
[White "Nosperger, Theo"]
[Black "Martin-Breteau, Paul"]
[Result "1/2-1/2"]
[WhiteElo "1199"]
[BlackElo "1506"]
[Annotator "Rivier,Sylvain"]
[PlyCount "85"]
[EventDate "2023.??.??"]

{Défense sicilienne} 1. e4 c5 2. Nf3 d6 3. Bc4 Nf6 4. d3 e6 5. Nc3 a6 6. a3 b5
7. Ba2 Nc6 8. Be3 Bb7 9. O-O Be7 10. Ne2 O-O 11. Ng3 Rc8 12. c3 Ng4 13. Bd2
Nge5 14. Nxe5 Nxe5 15. Be3 c4 16. d4 Nd3 17. Qd2 Bh4 18. f3 d5 19. Bb1 Bxg3 20.
hxg3 dxe4 21. Bxd3 exd3 22. Rab1 Bd5 23. Bf4 a5 24. Rfe1 a4 25. Re5 f6 26. Ree1
Qe8 27. Bd6 Rf7 28. f4 Rd7 29. Bb4 Qg6 30. Re3 Re8 31. Rbe1 f5 32. Kf2 Rf7 33.
Bd6 Be4 34. Rh1 Rd7 35. Be5 Kf7 36. Rh3 Rh8 37. Re1 Rdd8 38. Reh1 h6 39. R1h2
Rh7 40. Qe1 Rdh8 41. Qh1 h5 42. Rh4 Ke7 43. R2h3 1/2-1/2

[Event "25e tournoi 1hKO"]
[Site "Montigny le Bretonneux"]
[Date "2023.05.18"]
[Round "1.18"]
[White "Cogez, Celine"]
[Black "Guerin, Sasha"]
[Result "1/2-1/2"]
[WhiteElo "1505"]
[BlackElo "1194"]
[Annotator "Rivier,Sylvain"]
[PlyCount "49"]
[EventDate "2023.??.??"]

{DÃ©fense franÃ§aise, variante d'avance} 1. e4 e6 2. d4 d5 3. e5 c5 4. c3 Nc6
5. Nf3 Bd7 6. Be2 Nge7 7. Bg5 Qb6 8. Qd2 cxd4 9. Bxe7 dxc3 10. Nxc3 Bxe7 11.
O-O O-O 12. a3 a6 13. Bd3 Qc7 14. Rfe1 f6 15. Qe2 fxe5 16. Nxe5 Nxe5 17. Qxe5
Qxe5 18. Rxe5 Bf6 19. Re2 Rac8 20. Nd1 Rc7 21. h3 Rfc8 22. Ne3 Rc1+ 23. Rxc1
Rxc1+ 24. Kh2 Be5+ 25. g3 {Suite illisible} 1/2-1/2

[Event "25e tournoi 1hKO"]
[Site "Montigny le Bretonneux"]
[Date "2023.05.18"]
[Round "1.19"]
[White "Orfila, Aylin"]
[Black "Sondermeijer, Antoine"]
[Result "0-1"]
[WhiteElo "1099"]
[BlackElo "1485"]
[Annotator "Rivier,Sylvain"]
[PlyCount "20"]
[EventDate "2023.??.??"]

{Partie du pion dame} 1. e4 c6 2. d4 d5 3. Nc3 Nf6 4. f3 dxe4 5. fxe4 e5 6. Nf3
Bg4 7. Be2 Bxf3 8. Bxf3 Qxd4 9. Bd2 Bc5 10. Ne2 Qf2# 0-1

[Event "25e tournoi 1hKO"]
[Site "Montigny le Bretonneux"]
[Date "2023.05.18"]
[Round "1.20"]
[White "Couradin, Jean-Marie"]
[Black "Robic, Raphael"]
[Result "1-0"]
[WhiteElo "1476"]
[BlackElo "1099"]
[Annotator "Rivier,Sylvain"]
[PlyCount "103"]
[EventDate "2023.??.??"]

{Partie écossaise} 1. e4 e5 2. Nf3 Nc6 3. d4 exd4 4. Nxd4 Nxd4 5. Qxd4 Nf6 6.
e5 c5 7. Qd3 Qe7 8. f4 d6 9. Qxd6 Qxd6 10. exd6 Bxd6 11. Nc3 a6 12. Be3 O-O 13.
O-O-O Bc7 14. Be2 Re8 15. Bxc5 Bxf4+ 16. Kb1 Bf5 17. Rhf1 g5 18. g3 Ne4 19.
Nxe4 Rxe4 20. Bd3 Re5 21. Bd4 Rd5 22. Bxf5 Rxf5 23. gxf4 gxf4 24. Rg1+ Kf8 25.
Rde1 Rd8 26. Bg7+ Kg8 27. Bf6+ Kf8 28. Bxd8 f3 29. Rgf1 f2 30. Re2 Rd5 31. Be7+
Kg7 32. Bh4 Kg6 33. Rexf2 Kh5 34. Bg3 f5 35. Rxf5+ Rxf5 36. Rxf5+ Kg4 37. Rf7
h5 38. Rxb7 h4 39. Bd6 a5 40. c4 h3 41. c5 a4 42. c6 a3 43. c7 axb2 44. c8=Q+
Kf3 45. Qxh3+ Ke4 46. Rb4+ Kd5 47. Qd3+ Ke6 48. Re4+ Kd7 49. Bb8+ Kc6 50. Qd6+
Kb5 51. Rb4+ Ka5 52. Qb6# 1-0

[Event "25e tournoi 1hKO"]
[Site "Montigny le Bretonneux"]
[Date "2023.05.18"]
[Round "1.21"]
[White "Carbonero, Jean Marc"]
[Black "Witkowski, Gwendal"]
[Result "0-1"]
[WhiteElo "1027"]
[BlackElo "1470"]
[Annotator "Rivier,Sylvain"]
[PlyCount "32"]
[EventDate "2023.??.??"]

{DÃ©fense sicilienne, variante Rossolimo} 1. e4 c5 2. Nf3 Nc6 3. Bc4 Nf6 4. O-O
Nxe4 5. Re1 d5 6. Bb5 e6 7. d3 Nd6 8. Bxc6+ bxc6 9. Ne5 Qc7 10. Bf4 Be7 11. Qg4
O-O 12. Bh6 Nf5 13. Bf4 Bd6 14. g3 Nd4 15. Bh6 Bxe5 16. Qg5 Nf3+ 0-1

[Event "25e tournoi 1hKO"]
[Site "Montigny le Bretonneux"]
[Date "2023.05.18"]
[Round "1.22"]
[White "Privat, Jean-Claude"]
[Black "Galichet, Noe"]
[Result "1-0"]
[WhiteElo "1465"]
[BlackElo "1009"]
[Annotator "Rivier,Sylvain"]
[PlyCount "59"]
[EventDate "2023.??.??"]

{Gambit dame refusÃ©} 1. d4 d5 2. c4 Nf6 3. Nf3 e6 4. Bg5 Bb4+ 5. Nbd2 O-O 6.
e3 Nc6 7. Bd3 e5 8. Nxe5 Nxe5 9. dxe5 Bxd2+ 10. Qxd2 dxc4 11. Bxc4 Qxd2+ 12.
Kxd2 Be6 13. exf6 gxf6 14. Bxe6 fxe6 15. Bf4 Rad8+ 16. Ke2 e5 17. Bg3 f5 18.
Bxe5 Rd5 19. Bc3 f4 20. e4 Re5 21. Bxe5 Re8 22. Bxf4 Rxe4+ 23. Be3 c5 24. Rad1
b5 25. Rd7 Kf8 26. Rhd1 Ke8 27. Rxa7 Rb4 28. Rdd7 c4 29. Rxh7 c3 30. Rh8# 1-0

[Event "25e tournoi 1hKO"]
[Site "Montigny le Bretonneux"]
[Date "2023.05.18"]
[Round "1.23"]
[White "Orfila, Hugo"]
[Black "Hoarau, Jules"]
[Result "0-1"]
[WhiteElo "1009"]
[BlackElo "1416"]
[Annotator "Rivier,Sylvain"]
[PlyCount "84"]
[EventDate "2023.??.??"]

{Défense Alekhine, variante de chasse} 1. e4 d5 2. exd5 Nf6 3. Nc3 Nxd5 4. Nxd5
Qxd5 5. Nf3 Nc6 6. b3 Bf5 7. Bc4 Qe4+ 8. Be2 e5 9. O-O Qxc2 10. Qxc2 Bxc2 11.
Bb5 f6 12. Bxc6+ bxc6 13. d4 e4 14. Nd2 O-O-O 15. Nc4 Rxd4 16. Nb2 Bc5 17. Be3
Rd5 18. Bxc5 Rxc5 19. b4 Rd5 20. Na4 Bxa4 21. f4 exf3 22. gxf3 Rhd8 23. Rf2 Rd2
24. Kg2 Rxf2+ 25. Kxf2 Rd1 26. Rxd1 Bxd1 27. Kg3 Kb7 28. h3 Kb6 29. h4 Kb5 30.
h5 Kxb4 31. f4 c5 32. Kh4 c4 33. h6 g6 34. f5 g5+ 35. Kg3 c3 36. Kf2 c2 37. Ke1
c1=Q 38. Kf2 Qc3 39. Kg2 Qf3+ 40. Kh2 Be2 41. Kg1 Bf1 42. Kh2 Qg2# 0-1

[Event "25e tournoi 1hKO"]
[Site "Montigny le Bretonneux"]
[Date "2023.05.18"]
[Round "1.25"]
[White "Zheng, Zhaokang"]
[Black "Durez, Gerard"]
[Result "0-1"]
[WhiteElo "1009"]
[BlackElo "1379"]
[Annotator "Rivier,Sylvain"]
[PlyCount "80"]
[EventDate "2023.??.??"]

{Défense sicilienne, variante Rossolimo} 1. e4 c5 2. Nf3 Nc6 3. Bc4 h6 4. O-O
e5 5. Nc3 d6 6. d3 Nf6 7. h3 Be7 8. Be3 Bd7 9. Nd5 a6 10. Nxf6+ Bxf6 11. Re1
O-O 12. Qe2 Rb8 13. Rad1 b5 14. Bb3 a5 15. a4 bxa4 16. Bxa4 Ne7 17. Bxd7 Qxd7
18. c3 Rb7 19. d4 cxd4 20. cxd4 Qb5 21. Qxb5 Rxb5 22. dxe5 dxe5 23. Re2 Rfb8
24. Rdd2 Nc6 25. Rc2 Nb4 26. Ba7 Ra8 27. Be3 Nxc2 28. Rxc2 Rab8 29. Bc1 Be7 30.
Ne1 Rd8 31. Kf1 f6 32. Nf3 Rbb8 33. Bd2 Bb4 34. Bxb4 Rxb4 35. Rd2 Rxd2 36. Nxd2
Rxb2 37. Nc4 Rb5 38. Nd6 Rb4 39. Ke2 a4 40. Kd2 Rd4+ 0-1

[Event "25e tournoi 1hKO"]
[Site "Montigny le Bretonneux"]
[Date "2023.05.18"]
[Round "2.1"]
[White "Zheng, Linyi"]
[Black "Fruchard, Cyrille"]
[Result "0-1"]
[WhiteElo "1561"]
[BlackElo "2330"]
[Annotator "Rivier,Sylvain"]
[PlyCount "48"]
[EventDate "2023.??.??"]

{DÃ©fense Caro-Kann, variante d'Ã©change} 1. e4 c6 2. d4 d5 3. exd5 cxd5 4. c3
Nf6 5. Bd3 Nc6 6. Nf3 Bg4 7. Bf4 e6 8. Nbd2 Bd6 9. Bg3 Nh5 10. Qb3 Rb8 11. Bh4
Qb6 12. Qxb6 axb6 13. Bg3 Nf4 14. Bxf4 Bxf4 15. h3 Bh5 16. Be2 f6 17. c4 Nb4
18. O-O Bxd2 19. Nxd2 Bxe2 20. Rfc1 Kd7 21. b3 Bd3 22. a3 Nc2 23. Ra2 Nxd4 24.
Re1 Rbc8 0-1

[Event "25e tournoi 1hKO"]
[Site "Montigny le Bretonneux"]
[Date "2023.05.18"]
[Round "2.2"]
[White "Lamorelle, Julien"]
[Black "Briquet, Tom"]
[Result "1/2-1/2"]
[WhiteElo "2296"]
[BlackElo "1548"]
[Annotator "Rivier,Sylvain"]
[PlyCount "76"]
[EventDate "2023.??.??"]

{DÃ©fense franÃ§aise, variante classique} 1. d4 d5 2. Nc3 Nf6 3. Bg5 Nbd7 4.
Nf3 e6 5. e4 dxe4 6. Nxe4 Be7 7. Bxf6 Nxf6 8. Bd3 O-O 9. Nxf6+ Bxf6 10. Qe2 g6
11. Rd1 b6 12. Be4 Rb8 13. Ne5 Bxe5 14. dxe5 Qg5 15. Bc6 Bb7 16. Bxb7 Rxb7 17.
O-O Rd8 18. Rxd8+ Qxd8 19. Rd1 Qe7 20. Qe3 Rb8 21. Qd4 Rc8 22. h4 h5 23. g3 Rb8
24. a3 a5 25. Rd3 Kf8 26. Kg2 Rc8 27. f3 Kg7 28. Kh3 Rh8 29. Qf4 Rc8 30. c3 Rb8
31. Rd4 Rc8 32. g4 hxg4+ 33. fxg4 Rg8 34. h5 Kh7 35. hxg6+ Kxg6 36. Kg2 Rh8 37.
Rd1 Qh4 38. Qg3 Qg5 1/2-1/2

[Event "25e tournoi 1hKO"]
[Site "Montigny le Bretonneux"]
[Date "2023.05.18"]
[Round "2.3"]
[White "Lim, Chin"]
[Black "Branson, James"]
[Result "1-0"]
[WhiteElo "1903"]
[BlackElo "1537"]
[Annotator "Rivier,Sylvain"]
[PlyCount "45"]
[EventDate "2023.??.??"]

{Gambit de Budapest, variante principale} 1. d4 Nf6 2. c4 e5 3. dxe5 Ng4 4. Bf4
g5 5. Bg3 Nc6 6. Nf3 Bb4+ 7. Nbd2 Qe7 8. e3 Ngxe5 9. Be2 h5 10. a3 Bxd2+ 11.
Qxd2 d6 12. h4 f6 13. Nxe5 Nxe5 14. hxg5 h4 15. Rxh4 Rxh4 16. Bxh4 fxg5 17. Bg3
Be6 18. Bxe5 dxe5 19. O-O-O g4 20. Qa5 c5 21. Rh1 Kd7 22. Bd3 Kd6 23. Rd1 1-0

[Event "25e tournoi 1hKO"]
[Site "Montigny le Bretonneux"]
[Date "2023.05.18"]
[Round "2.4"]
[White "Sondermeijer, Antoine"]
[Black "Forissier, Nicolas"]
[Result "1-0"]
[WhiteElo "1485"]
[BlackElo "1887"]
[Annotator "Rivier,Sylvain"]
[PlyCount "67"]
[EventDate "2023.??.??"]

{DÃ©but du fou, dÃ©fense berlinoise} 1. e4 e5 2. Bc4 Nf6 3. d4 exd4 4. Nf3 Bb4+
5. c3 dxc3 6. bxc3 Be7 7. e5 Ng4 8. Qd4 h5 9. Qd5 O-O 10. h3 c6 11. Qd3 Nh6 12.
Bxh6 gxh6 13. Bb3 Kg7 14. Bc2 Rh8 15. Qf5 d6 16. Qxh5 dxe5 17. Nxe5 Qd5 18. Bb3
Qe4+ 19. Kf1 Rf8 20. Nd2 Qf5 21. g4 Qxh5 22. gxh5 Be6 23. Rg1+ Kf6 24. f4 Nd7
25. Ne4+ Kf5 26. Ng3+ Kxf4 27. Nd3+ Kg5 28. Ne4+ Kxh5 29. Bd1+ Kh4 30. Ne1
Bxh3+ 31. Ng2+ Bxg2+ 32. Rxg2 Kh3 33. Rg3+ Kh4 34. Rg1 1-0